| 000 | 00529nam a2200217Ia 4500 | ||
|---|---|---|---|
| 003 | OSt | ||
| 005 | 20220928135414.0 | ||
| 006 | a|||||r|||| 00| 0 | ||
| 007 | ta | ||
| 008 | 220927b |||||||| |||| 00| 0 eng d | ||
| 024 | _a1944 | ||
| 037 | _cTextual | ||
| 040 |
_aSDCL _cSDCL _beng |
||
| 041 |
_2eng _aeng |
||
| 082 | _aO-:gM, K8 | ||
| 100 |
_aFoakes R A Ed. _9490441 |
||
| 245 | 0 | _aRomantic criticism 1800-1850 | |
| 260 | _c1968 | ||
| 942 |
_hO-:gM, K8 _cTEXL _2CC |
||
| 999 |
_c805756 _d805756 |
||